000 00794nam a2200265 a 4500
001 vtls000129605
003 NLI
005 20210601210215.0
008 101125s1952 enk 000 0 eng
039 9 _y201011251408
_zVLOAD
040 _aNLI
_beng
_cDatasoft 1
_eAACR2
041 0 _aeng
044 _aenk
082 0 4 _a944.04
100 1 _aDickinson, G. Lowes
_q(Goldsworthy Lowes),
_d1862-1932
_9263224
245 1 0 _aRevolution and reaction in modern France /
_cG. Lowes Dickinson
260 _aLondon :
_bGeorge Allen & Unwin,
_c1952
300 _a[x], 256 p. ;
_c19 cm.
651 0 _aFrance
_xHistory
_y1789-1900
_9250749
887 _a
901 _a385636
_b9.3.68
902 _aE 944.04 D 56
949 _AVIRTUAITEM
_D10000
_X100
_6PUR000385636ENG
942 _2ddc
_cBKS
999 _aVIRTUA40
_c134591
_d134591